[Event "Haifa"]
[Site "Haifa"]
[Date "1996.??.??"]
[Round "4"]
[White "Sutovsky, Emil"]
[Black "Greenfeld, Alon"]
[Result "1-0"]
[WhiteElo "2545"]
[BlackElo "2560"]
[Annotator "Sutovsky,E"]
[PlyCount "73"]
[EventDate "1996.06.??"]
[EventType "tourn"]
[EventRounds "7"]
[EventCountry "ISR"]
[EventCategory "14"]
[SourceTitle "CBM 054"]
[Source "ChessBase"]
[SourceDate "1996.10.01"]
[SourceVersion "1"]
[SourceVersionDate "1996.10.01"]
[SourceQuality "1"]

1. e4 {HarZvi} c5 2. Nf3 d6 3. d4 cxd4 4. Nxd4 Nf6 5. Nc3 Nc6 6. Bg5 e6 7. Qd2
a6 8. O-O-O h6 9. Be3 Be7 10. f4 Nxd4 11. Bxd4 b5 12. Be2 {Two other moves are
more popular here:12.Bd3 and 12.Qe3,but the last games show us,that black has
good counterplay in those variations;for example:} (12. Qe3 Qc7 13. e5 dxe5 14.
Bxe5 Ng4 15. Qf3 Nxe5 16. Qxa8 Nd7 17. g3 Nb6 18. Qf3 Bb7 19. Ne4 f5 20. Qh5+
Kf8 21. Nf2 Bf6 22. Bd3 Na4 23. Rhe1 Bxb2+ 24. Kb1 Bd5 $19 {Ivanchuk,V-Kramnik,
V/Dos Hermanas/1996/0:1/32/}) (12. Bd3 b4 13. Na4 Rb8 14. e5 dxe5 15. Bxe5 Bd7
16. b3 Bxa4 17. bxa4 O-O 18. Bxb8 Qxb8 19. Bc4 Ne4 20. Qe3 Nc3 21. Rd7 Bf6 22.
Bb3 Qc8 $15 {Polgar,J-Kramnik,V/Moscow PCA 25'/1996/0:1/65/}) 12... b4 13. Na4
Nxe4 14. Qe3 Nf6 15. Bf3 Rb8 16. Ba7 Bd7 {For sure,not 16...Rb5,like it was in
the next game:} (16... Rb5 17. Bb6 Qd7 18. Nc5 dxc5 19. Rxd7 Bxd7 20. Bc7 O-O
21. Rd1 Rc8 22. Bd6 Bd8 23. Be5 $18 {Balashov,Y-Tukmakov,V/Sverdlovsk/1987/1:0/
33/}) 17. Nb6 Bb5 {The critical position.Normaly,white played here 18.Kb1,
almost automatically and after long and forced variations they got the ending
with pawn up,but objectively the position is draw.I spent here 25 minutes and
understund,that} 18. h4 $1 $146 {a fantastic new novelty that may change the
eveluation of this all variation, untill this game only 18.Kb1 had been played
but the text move is much better and it is not clear what can black do against
it! maybe this line is history!!} (18. Kb1 O-O 19. f5 Qc7 20. Bxb8 Rxb8 21. Na8
Qd8 22. Qa7 d5 23. Nc7 Bc6 24. fxe6 (24. Nxa6 $2 {Har Zvi,R} Ra8) 24... Rb7 25.
Nxd5 Rxa7 (25... Bxd5 $2 {Har Zvi,R} 26. Qxb7 Bxb7 27. Rxd8+ Bxd8 28. exf7+
Kxf7 29. Bxb7 $18) (25... Nxd5 26. exf7+ Kxf7 27. Qxa6 Rc7 28. Qc4 $18) 26.
Nxf6+ Bxf6 27. Rxd8+ Bxd8 28. exf7+ Rxf7 {Also after 28...Kf7 29.Bc6 Bf6 black
equalized very easily in the game Psakhis,L-Greenfeld,A/Haifa/1996/} (28...
Kxf7 29. Bxc6 Bf6 30. a3 bxa3 31. bxa3 Re7 32. Rd1 Re3 33. Ka2 Re2 34. Rc1 Ke7
35. Kb3 Kd6 36. Bb7 Kc5 37. c3 a5 38. Bf3 Re3 39. h3 Be5 {1-2/1-2 Psakhis,
L-Greenfeld,A Zim Hifa 1996 (2)}) 29. Bxc6 {this position is quite forced and
although black is a pawn down,it is quite impossible to win this position with
white because of the opposite colour of the bishops} Rf2 30. Re1 (30. Rd1 Be7
31. Bf3 a5 32. Rd3 {1-2/1-2 Adams,M-Salov,V Biel inz 1993}) 30... Bf6 $10 {
Adams,M-Serper,G/Manila (ol)/1992/0,5/44/}) (18. g4 O-O 19. Bxb8 Qxb8 20. g5
hxg5 21. fxg5 Bd8 22. gxf6 Qxb6 {with a good position for black Khalifman,
A-Ionov,S Leningrad 1988 0-1 46}) 18... O-O {Black plays like he would play
against 18.Kb1;but 18...d5 deserved attention:} (18... d5 19. Bxb8 (19. f5 Rb7
20. fxe6 Rxa7 (20... fxe6 21. Qxe6 Bd7 (21... Rxa7 22. Nxd5 $18) 22. Nxd7 Qxd7
23. Qxd7+ Rxd7 24. Bd4 $16) 21. Nxd5 (21. Bxd5 O-O 22. exf7+ Kh8 $15) 21... Qb8
$8 22. Nxf6+ Bxf6 23. exf7+ Kf8 (23... Kxf7 $5 24. Qb3+ Kf8 25. Qxb4+ Be7 26.
Qg4 $44) 24. Bd5 Re7 25. Qc5 {With good compensation for the piece.}) (19. Rhe1
$2 Rb7 20. Nxd5 Nxd5 21. Bxd5 exd5 22. Bc5 Kf8 23. Bxe7+ Qxe7 $19) 19... Qxb8
20. f5 (20. Kb1 Qc7 21. Na8 Qb7 22. f5 Qxa8 23. fxe6 O-O 24. g4 $13) 20... Bd6
$1 21. Kb1 Bf4 22. Qc5 (22. Qg1 $2 Bc7) 22... Bd6 23. Qe3 (23. Qc8+ $2 Qxc8 24.
Nxc8 Bc5 $17) 23... Bf4 24. Qc5 Bd6 $10) 19. f5 (19. g4 $2 Nxg4 20. Bxg4 Rb7)
19... Qc7 20. Bxb8 Rxb8 21. Na8 Qd8 {all positions before this game were with
the "H" pawn on h2 and the king on b1,but now white is not forced to play 22.
Qa7 as he used to do,since the pawn is on h4 there is a possiblity of a strong
attack} 22. fxe6 {That was my idea!Now the pawn on h4,that much more useful
for the further attack.} Rxa8 23. exf7+ Kxf7 {For sure,not 23...Kf8,that loses
force:} (23... Kf8 24. g4 $1 Rc8 (24... d5 $2 25. g5 hxg5 26. hxg5 Nh7 27. Rxd5
$18) 25. g5 hxg5 (25... Nd7 26. gxh6 Ne5 27. hxg7+ Kxg7 28. Rhg1+ Kxf7 29. Bh5+
$18) 26. hxg5 Nh7 27. Kb1 Bxg5 28. Qe4 Nf6 29. Rh8+ Kxf7 30. Qb7+ $18) 24. Bxa8
{Good enough,but probably 24.g4! was even better;let's see what could happened
after that:} (24. g4 Rc8 25. g5 Qc7 26. Rd2 Kg8 $1 (26... Nd7 27. gxh6 Nf6 (
27... Ne5 28. Bd5+ Kf8 29. hxg7+ Kxg7 30. Rg2+ $18) 28. Rg1 g6 (28... gxh6 $5
29. Qxh6 Ke8 30. Rg7 $16) 29. Be4 {and white has the desicive attack}) 27. Re1
$1 (27. gxf6 Bxf6 28. Qb3+ Kh8 (28... Bc4 29. Qxc4+ Qxc4 30. Bd5+ Qxd5 31. Rxd5
$16) 29. Qxb4 Rb8 $13) 27... Bd8 (27... Re8 28. gxf6 Bxf6 29. Qb3+) (27... Kf8
28. gxf6 Bxf6 29. Qf4 $16) 28. gxh6 $1 (28. gxf6 $6 Bxf6 29. Qb3+ Bc4 30. Bd5+
Bxd5 31. Qxd5+ Kh8 {and black has good compensation for the exchange thanks to
well-plased pieces and extremely good bishop.}) 28... g6 29. Rg1 Kh8 (29... Qf7
30. h5 Qxa2 31. Rxd6 Qa1+ (31... Ba4 32. Bd5+ Qxd5 33. Rxd5 Rxc2+ 34. Kb1 Nxd5
35. Qe6+ $18) 32. Kd2 Qxb2 33. Qe6+ $18) (29... Kh7 30. h5 Be8 31. hxg6+ Bxg6
32. Rxg6 Kxg6 33. Rg2+ $18) 30. Rxg6 Qf7 (30... Qc4 31. Kb1 $16) 31. Rdg2 Qxa2
(31... Bf1 32. Rg1 Qxa2 33. h7 Qa1+ 34. Kd2 Ba5 35. Rg8+ Rxg8 36. hxg8=Q+ Nxg8
37. Qd4+ {wiht mate.}) 32. h7 Bb6 33. Rg8+ Rxg8 34. hxg8=Q+ Nxg8 35. Qxb6 Qa1+
36. Kd2 Qxb2 37. Rxg8+ Kxg8 38. Qd8+ Kg7 39. Qe7+ Kh6 40. Qg5+ Kh7 41. Be4+ {
and mating in 2 moves.}) 24... Qxa8 25. Rhe1 {That's the position,I strived to
get.Black's king is opened and white's attack is very dangerous.A.Greenfeld
manages to find the best defence.} Bf8 $8 (25... Qb7 26. g4 d5 (26... Bc6 27.
Qe6+ Kf8 28. g5 hxg5 29. hxg5 Ne4 30. Rf1+ Ke8 31. Rh1 Kd8 32. Rh8+ Be8 33.
Rxe8+ Kxe8 34. Rh1 $18) 27. Qe6+ Kf8 28. g5 hxg5 29. hxg5 Ne4 30. Rxd5 $18) (
25... Qd8 26. g4 Ne8 (26... g5 27. hxg5 hxg5 28. Qxg5 Qg8 29. Qe3 {then g4-g5
and white is winning.}) 27. Qe6+ (27. Qb3+ Kf8 28. g5 hxg5 29. Rf1+ $1 Bxf1 30.
Rxf1+ Nf6 31. hxg5 {winning}) 27... Kf8 28. Rf1+ Bxf1 29. Rxf1+ Nf6 30. g5 {
and white should win,despite of some technical problems.}) 26. g4 {nothing
gives 26.Qe6 in a view of the next variation: now we see the difference,with
white's pawn on "h4" the there is an immediate strong threat g5,it is not easy
to find as a proper defencefor black} (26. Qe6+ Kg6 27. g4 Bd7 {and black is
OK.}) 26... Qc8 $8 27. g5 Ng4 28. Qf3+ $2 {It's a mistake.I was dreaming to
give a mate,but it's not so simple;much stronger was 28.Qf4;for example: after
the simple continuation 28.Qf4 Kg8 29.gxh6 Nxh6 30.Qxb4 white is much better} (
28. Qf4+ Kg8 29. gxh6 Nxh6 (29... g6 {This move A.Greenfeld wanted to make;but
it also bad for black:} 30. h7+ Kxh7 31. Qf7+ Bg7 32. h5 Qf5 33. hxg6+ Qxg6 34.
Rh1+ Nh6 35. Qxg6+ Kxg6 36. Rxd6+ Kh7 37. Rh4 {and white should win.}) 30. Qxb4
{with very big,probably desicive advantage:white has material advantage,
black's king is opened and black's pieces are very passive.}) 28... Kg8 29. Rg1
$6 {White is still playing on mate;but it's wrong strategy;stronger was:} (29.
Qd5+ Kh8 30. gxh6 Nxh6 31. Re4 Qc5 (31... Nf5 32. Qf7 $16) 32. Qxc5 dxc5 33.
Rd8 Kg8 34. Rf4 Nf7 35. Ra8 {white is better,because almost all black pieces
are pinned,but it's not simple to win.}) 29... h5 (29... Ne5 {Har Zvi,R} 30.
Qd5+ Kh7 31. gxh6 g6 32. h5) 30. Qd5+ Kh8 31. g6 {On this position white went,
playing 28.Qf3(instead of 28.Qf4 with clear advantage)I planned to take now on
g4,but it doesn't work: again white had a move which could give his a clear
advantage} (31. Rxg4 hxg4 32. g6 Qc5 33. Qf7 Qe3+ {I missed this check in my
calculations before the mowe 28.} 34. Kb1 Qf3 $19) (31. Qf7 $1 {Har Zvi,R} Ne3
(31... Qe8 32. Qxe8 Bxe8 33. Rgf1 Kg8 34. Rf4 a5 (34... d5 35. Rxd5 $16) 35.
Rd5 Bc6 36. Rxa5 d5 37. Ra6 $1 Bd6 38. Rf5 $18 (38. Rxg4 $4 hxg4 39. Rxc6 g3
$19)) 32. Rd2 Qf5 33. g6 $1 $16 {/+-} (33. Qxh5+ $4 Kg8 {and white can resign,
there is nothing to do against g6})) 31... Nf6 {Now black stands OK,but he is
in the mutual time-trouble:something like 2.5 minutes on 9 moves!White also
was lack of time,but still I had much more time than Alon.} 32. Qg5 Be2 (32...
Qc6 {Har Zvi,R}) 33. Rd4 (33. Rde1 Bg4 34. Rgf1 {was interesting,but I chouse
sharper move.}) 33... d5 (33... Qc5 {Har Zvi,R} 34. Qxc5 dxc5 35. Rd8 Kg8 36.
Rg5 c4 37. Rc5) 34. Re1 Bg4 {34...Bc5 wasn't good,but 34...Qc5 was pretty
strong} (34... Bc5 $6 35. Rxd5 $1 Nxd5 36. Qxd5 Be3+ 37. Kb1 Bc4 38. Qxh5+ Bh6
39. Qa5 {and white is better}) (34... Qc5 35. Qe3 Bf3 $15) 35. Rf4 Qd8 36. Ref1
a5 $4 {Terrible mistake after brilliant defence.The only excuse for such move
is the fact,that black had something like 1 minute on his clock and he was
sure that all problems are over.After natural 36...Kg8 black would solve all
his. HarZvi: a terrible mistake after recovering from a difficult position
black is throwing the game with a terrible blunder} (36... Kg8 37. Re1 {
what else?37.Rg4 is not good:} (37. Rxg4 hxg4 38. h5 Qd6 39. h6 gxh6 40. Qxf6
Qxf6 41. Rxf6 g3 $19) 37... Qd6 (37... Bd6 $4 38. Rxf6) 38. Rd4 a5 {and black
stands very good.}) (36... Be7 {Har Zvi,R}) 37. Rxg4 $1 {And in a view of
variation:37...hg 38.Rf6 Qf6 39.Qh5,black resigned.} (37. Rxg4 {Har Zvi,R} hxg4
38. Rxf6 gxf6 39. Qh5+) 1-0

[Event "RUS-ch m1-2"]
[Site "Elista"]
[Date "1997.05.29"]
[Round "4.2"]
[White "Dvoirys, Semen I"]
[Black "Svidler, Peter"]
[Result "0-1"]
[WhiteElo "2590"]
[BlackElo "2640"]
[Annotator "Svidler,P"]
[PlyCount "124"]
[EventDate "1997.05.19"]
[EventType "k.o."]
[EventRounds "6"]
[EventCountry "RUS"]
[SourceTitle "CBM 059"]
[Source "ChessBase"]
[SourceDate "1997.08.01"]
[SourceVersion "1"]
[SourceVersionDate "1997.08.01"]
[SourceQuality "1"]

1. e4 {Gofshtein,L} c5 2. Nf3 Nc6 3. d4 cxd4 4. Nxd4 Nf6 5. Nc3 d6 6. Bg5 e6 7.
Qd2 a6 8. O-O-O h6 9. Be3 Be7 10. f4 Nxd4 11. Bxd4 b5 12. Bd3 b4 13. Ne2 (13.
Na4 {Gofshtein,L} Rb8 14. e5 (14. b3 $5 $146 O-O 15. Qe2 e5 16. fxe5 dxe5 17.
Bxe5 Bg4 18. Qe3 Bxd1 19. Bxb8 Bxc2 20. Bxc2 Qxb8 21. e5 $1 Ng4 22. Qe4 Bg5+
23. Kb1 f5 24. exf6 Nxf6 $13 {Shabalov-Serper,Aleksandria96}) 14... dxe5 15.
Bxe5 Bd7 16. f5 Bxa4 17. fxe6 Rc8 18. exf7+ Kxf7 19. Qf4 Qb6 20. Bc4+ Kf8 21.
Rhe1 g5 $5 22. Qf1 Kg7 23. Bd4 Qc7 24. Re6 $6 (24. b3 $1 Bb5 25. Rxe7+ $1 Qxe7
26. Bxb5 Rhd8 $1 27. Bd7 $3 Rc7 28. Re1 Qf7 29. Re6 $16) 24... Rhf8 25. Qf5
Bxc2 26. Kxc2 Qxc4+ 27. Kb1 Rc7 28. Be5 Rf7 29. Rf1 Rd7 30. Bxf6+ Bxf6 31. Rxf6
Qxf1+ 32. Qxf1 Rxf6 $13 {Wang Zili-Atalik,BEIJING96}) 13... Qa5 14. Kb1 e5 15.
Be3 O-O 16. Ng3 {This move was mentioned in the very thorough annotations to
the game Huebner-Kramnik. It was also the only one which was not even assesed,
let alone analyzed, so I should've guessed it will be chosen by my opponent.
'N' Gofshtein,L.} (16. Rhe1 Rb8 17. Nc1 Rd8 18. Ba7 (18. h3 d5 $1) 18... Rb7
19. Bg1 Bg4 20. Nb3 Qa4 21. Rc1 exf4 $13 {Huebner-Kramnik, Dortmund 1996} (
21... exf4 {Gofshtein,L} 22. Qxf4 Be6 $132 {R.Hubner-Kramnik,Dortmund96}))
16... Rd8 (16... Ng4 $5 17. Nf5 (17. Bc4 Be6 18. Nf5 Bxc4 19. Nxe7+ Kh7 20. b3
Be6) 17... Bxf5 18. exf5 $13) 17. f5 {'?!' Gofshtein,L.} ({After} 17. Bc4 {
Black has a choice between} {and} d5 $5 (17... Bb7 $5 {e.g.} 18. Nf5 Bf8 (18...
Nxe4 19. Nxe7+ Kf8 20. Ng6+ fxg6 21. Qe2 $13) 19. fxe5 dxe5 (19... Qxe5 20. Bd4
Nxe4 21. Qxb4 $14) 20. Qf2 Rxd1+ 21. Rxd1 Qc7 22. Bd5 (22. Bb3 Nxe4) 22... Nxe4
23. Qf3 Bxd5 24. Rxd5 Ng5 25. Bxg5 hxg5 $15) (17... Qc7 {Gofshtein,L} 18. Bd5
Nxd5 19. exd5 exf4 20. Bxf4 $40) 18. exd5 Nxd5 $1 {which yields Black an edge
after} 19. Bxd5 (19. Qe2 exf4 20. Bxf4 Be6 $15) 19... Be6 20. Nf5 $1 Bxf5 $1 (
20... Bf8 21. Bb6 Qxb6 (21... Qxd5 22. Qxd5 Rxd5 23. Rxd5 Bxd5 24. Ne3 $1 $14)
22. Qe3 Qxe3 23. Nxe3 Bxd5 24. Nxd5 exf4 25. Nxf4 $11) (20... Bf6 21. Bb6 $1
Qxb6 (21... Qxd5 22. Qxd5 Rxd5 23. Rxd5 Bxd5 24. fxe5 $16) 22. Qe3 Rab8 (22...
Qxe3 $5 23. Nxe3 exf4 24. Bxa8 fxe3 25. Rxd8+ Bxd8 $13) 23. fxe5 Bxf5 24. Qxb6
Rxb6 25. exf6 Rc8 (25... Rxf6 26. Bxf7+ $18) 26. Rd2 Rxf6 27. Re1 $11) 21. Bxa8
Rxd2 22. Rxd2 Be6 23. b3 exf4 24. Bd4 $15 (24. Bxf4 Bxb3 $1 25. cxb3 (25. axb3
Bf6) 25... Qf5+ $17)) (17. Nf5 Bf8 $5 $13 (17... Bxf5 18. exf5 e4 19. Be2 Qxf5
20. h3 $5 $44 (20. Qxb4 $13))) 17... d5 18. Qf2 (18. Qe2 {Gofshtein,L} Bb7 19.
Bc1 Qc7 20. Rde1 a5 $132) 18... Rb8 19. exd5 Nxd5 20. Bc4 Bb7 (20... Nxe3 21.
Qxe3 {with approximate equality was possible, but I decided to keep the knight,
only to exchange it a couple of moves later.}) 21. Bc1 Qc7 22. Bb3 {At first I
thought that I will be able to exploit the position of this Bishop by
something like Qc6 & a5-a4, but the small weakness on e5 doesn't allow for
that. After some 25 minutes I found another very fascinating idea.} (22. Bxd5 {
Gofshtein,L} Bxd5 23. Nh5 Be4 24. Bxh6 b3 $1 $40) 22... Nf4 $1 {The more I
thought about this move, the more I liked it. Black opens up both of his
Bishops, and White's first rank get weak.} (22... Bc5 {was another possiblity,
but after} 23. Qe2 Nf6 {(the knight certainly belongs there) White has an
opportunity to go for the crazy stuff I had no desire to get involved with:}
24. Nh5 $5 {thou} Qe7 $5 {, a move I missed during the game, allows Black to
play safe.} (24... Nxh5 25. Qxh5 Bxg2 26. Rdg1 $5 (26. f6 Bxh1 27. Rg1 (27. Qg6
Bf8 28. fxg7 Rxd1 29. gxf8=Q+ Kxf8 $19) (27. Rxh1 Rb6 28. Rf1 Rdd6 (28... Rxf6
29. Rxf6 gxf6 30. Bxh6 $1 (30. Qg6+ Kf8 31. Bxh6+ Ke8 32. Qg8+ Kd7 33. Qxf7+
Kc8 $17) 30... Bf8 31. Qg6+ Kh8 32. Bxf7 (32. Qxf6+ Kh7 (32... Kg8 33. Qg6+ Kh8
34. Bxf7 Rd1+ 35. Bc1 Rg1 36. Qxg1 $16) 33. Bxf7 Rd6 $17) 32... Rd1+ 33. Bc1
Rg1 34. Qxf6+ Kh7 35. Be6 Qg7 $13) 29. fxg7 Rf6 $13) (27. Qg4 g5 (27... Bf8 28.
fxg7 Rxd1 (28... Bc5 29. Rxh1 Rb6 $15) 29. gxf8=Q+ Kxf8 30. Qxd1 Qc6 $15) 28.
Rxh1 $44) 27... Bxg1 (27... Bd5 28. Qxh6 $18) 28. Qg6 Kf8 (28... Qxc2+ 29. Kxc2
Rbc8+ 30. Kb1 Rxc1+ 31. Kxc1 Be3+ 32. Kb1 Rd1+ $11) 29. fxg7+ Ke7 (29... Kg8
30. Qxh6) 30. Qxf7+ Kd6 31. Qg6+ Kc5 (31... Ke7 32. Qe6#) 32. Qxg1+ Kb5 $1 (
32... Rd4 33. Be3 $14) 33. Qxh1 Qxg7 $17) 26... Bxh1 (26... Bxg1 27. Rxg1 $16)
27. Rxg7+ Kxg7 28. Bxh6+ (28. Qxh6+ Kg8 29. f6 Bf8 30. Qg6+ Kh8 31. Qh5+ $11)
28... Kh7 $1 (28... Kh8 29. f6 Rd1+ 30. Qxd1 $16) 29. Bxf7 (29. Bg5+ Kg8 (29...
Kg7 30. f6+ Kg8 31. Bh6 $1 $18) 30. Bf6 Rd1+ 31. Qxd1 Rb6 32. Qg4+ Kf8 $19) (
29. f6 Bf3 $19) 29... Rd1+ 30. Bc1+ Kg7 31. Qh6+ Kxf7 32. Qh7+ Kf6 33. Qxc7 Be3
$19)) (22... Nf6 23. Qe2) 23. Bxf4 {Forced.} exf4 24. Nh5 Rxd1+ 25. Rxd1 Rd8
26. Re1 Qd6 {'-/+' Gofshtein,L.} ({Here I realized that after} 26... Qd7 27. a4
$1 (27. Qe2 Bg5 {is very good for Black.}) 27... bxa3 28. bxa3 Bxa3 29. Qxf4 {
the position is very unclear, and decided to go for another possibilty, thou
it's even sharper.}) 27. Qe2 (27. Qxf4 {Gofshtein,L} Qd1+ 28. Rxd1 Rxd1+ 29.
Qc1 Rxc1+ 30. Kxc1 Bxg2 $17) 27... Bh4 $1 {This 'loss' of tempo is actually a
very nice move, since after} 28. Qg4 (28. Rf1 Bxg2 $17) 28... Bg5 {Black
threatens 29...f3} 29. a4 $2 ({Both players thought that} 29. h4 {is
impossible in view of 29...f3. Analysis showed that it's not that clear, but
on the whole Black is OK in this line.} Qd2 $1 {is much better:} (29... f3 $6
30. Rc1 $1 {we both missed that move} Bf6 $8 (30... Qd2 31. hxg5 f2 32. Ng3)
31. gxf3 $14 (31. Qg6 fxg2 32. Qxf7+ Kh8 33. Qxb7 g1=Q 34. Rxg1 Qd1+) (31.
Nxf6+ Qxf6 32. gxf3 Rd4 33. Qg6 Bxf3 $15)) 30. Rc1 (30. Rg1 {Gofshtein,L} Qf2
$19) 30... Qxg2 $1 31. Qxg2 Bxg2 32. hxg5 hxg5 33. f6 (33. a3 Bf3 $15) 33... g6
34. Ng7 f3 35. Bc4 g4 {, and Black pawns are decisive.}) 29... bxa3 30. h4 (30.
bxa3 Qxa3 31. h4 Bd5 $1 32. Rd1 Bxb3 33. Rxd8+ Kh7 34. cxb3 Qxb3+ 35. Kc1 Qc3+
36. Kd1 Bxd8 $19) 30... Qd2 $1 31. Re2 {Everything else also loses:} (31. Rc1
axb2 32. Kxb2 Qd4+ 33. Ka2 (33. c3 Qf2+ 34. Rc2 Qxh4 $19) 33... Bf6 34. Nxf6+
Qxf6 35. Qxf4 Bxg2 $17) (31. Rg1 Qd4 $19) (31. Rf1 $5 Bxg2 32. Rc1 Bd5 $1 33.
Bxd5 Rxd5 34. hxg5 Qb4 35. b3 Qc3 36. Nf6+ Kh8 $19) (31. Rh1 Bxg2 32. Rc1 {
- 31.Rf1}) 31... Qa5 $1 ({When I played 30...Qd2 I thought that 31.Re2 is
simply impossibly because of} 31... a2+ {, but after} 32. Ka1 {the game is
still on.}) 32. bxa3 $8 Qc3 $2 {At that point we both were in serious
time-trouble. The text move spoils a very nice game.} (32... f3 $1 {was
winning:} 33. Qc4 (33. gxf3 Rd1+ 34. Ka2 Qc3 $19) (33. hxg5 fxe2 34. Qxe2 Qxf5
$19) 33... Rd1+ (33... Bd5 34. Qd4) 34. Ka2 Bd5 35. Qc8+ Kh7 36. gxf3 Bxb3+ 37.
cxb3 Be7 $1 $19) 33. Ka2 f3 ({Unfortunately,} 33... Rd1 {is impossible:} 34.
Re8+ Kh7 35. Qxd1) 34. hxg5 $1 fxe2 35. Qxe2 Qc5 ({A nice move, but} 35... Rb8
$1 {was even stronger:} 36. gxh6 (36. Bxf7+ Kh8 37. Bb3 Bd5) 36... Bd5 37. Qd1
Bxb3+ 38. cxb3 gxh6 $17) (35... Bd5 $2 {Gofshtein,L} 36. Bxd5 Rxd5 37. Qe8+ Kh7
38. g6+ $18 fxg6 39. fxg6#) (35... hxg5 $2 {Gofshtein,L} 36. Qe7) 36. Nf4 $3 {
Very impressive and strong, thou Black is able to parry the attack.} (36. gxh6
Bd5 $1 37. c4 (37. hxg7 Bxb3+ 38. cxb3 Qc3 $19) 37... Bc6 38. Qb2 (38. hxg7 Qd4
$15)) 36... Qxf5 $8 (36... hxg5 $2 37. Bxf7+ Kxf7 38. Qe6+ Kf8 39. Ng6#) 37.
Qe7 Qd7 $6 {Good enough, but} (37... Rc8 $1 {was better:} 38. Qxb7 Rxc2+ 39.
Bxc2 Qxc2+ 40. Ka1 (40. Qb2 Qc4+) 40... Qc1+ {, and Black has a pleasant
choice between a perpetual and a pawn-up queen ending.}) ({Attempt to simplify
the task by} 37... Qxf4 {does not work out:} 38. Qxd8+ Kh7 39. g6+ $1 Kxg6 40.
Qb6+ $18) (37... Rd7 $4 {Gofshtein,L} 38. Qe8+ Kh7 39. g6+ $18) 38. Bxf7+ Kh7 (
38... Kh8 39. Ng6+ Kh7 40. Nf8+ $18) 39. g6+ Kh8 40. Qe5 $2 ({After} 40. Qxd7
Rxd7 {Black should be able to create enough counterplay on the K-side before
the 'c' pawn gets too close, e.g.} 41. Kb3 (41. c4 Rd2+ 42. Kb3 Rf2 43. g3 Rf3+
44. Kb4 Rxg3 $17) 41... Rd4 42. g3 h5 43. Nxh5 (43. c3 Rxf4 44. gxf4 h4 45. Be6
Bg2 46. c4 h3 47. Bxh3 Bxh3 48. c5 Bf5 49. c6 Bxg6 50. c7 Bf5 51. Kc4 Kh7 52.
Kc5 Kg6 53. Kb6 Bc8 54. Ka7 Kf5 $19) 43... Rg4 44. c4 Be4 $15 {and if} 45. c5
Rg5 46. Nf4 Rxc5 $17) 40... Qd4 41. Qe7 $4 (41. Qxd4 Rxd4 $17 {is a couple of
tempi down compared to the previous case.}) 41... Rb8 {Now it's basically over.
} 42. Qb4 $8 Bd5+ 43. Nxd5 Rxb4 44. axb4 Qc4+ (44... Qe4 $1 $19 {Gofshtein,L})
45. Kb2 h5 46. g3 {White's only chance.} Qg4 47. Nf4 Qxg3 48. Nxh5 Qe5+ 49. Kb3
Qxh5 50. c3 {Now Black has to be careful, since some of the arising positions
could be drawn, e.g. if White exchanges pawns 'b' and 'a' and gets his king
behind the 'c' pawn.} Qe2 {Looks like a zugzwang, but} 51. Bc4 {solves this
first problem.} Qd1+ 52. Kb2 Qd2+ 53. Kb3 Qc1 54. Bf7 {Now Black starts a
forced line, getting White king out of his shell.} Qb1+ 55. Kc4 (55. Ka3 Qc2
56. c4 Qc3+ 57. Ka4 Qb2 58. c5 (58. b5 Qa2+ 59. Kb4 a5+) 58... Qe2 $1 59. Kb3
Qd3+ 60. Kb2 Qb5 61. Kc3 a5 $19) 55... Qc2 56. Kd4 $8 Qe2 $1 57. c4 ({Or} 57.
Kc5 Qd3 58. c4 Qa3) 57... Qb2+ 58. Kc5 Qa3 $1 {/\ a5 Gofshtein,L: 'Zuzvang'}
59. Kb6 Qxb4+ 60. Kxa6 Qc5 61. Kb7 Qd6 62. Kc8 Qe7 {White resigned, since in
two moves his king will be stalemated and the pawn on g6 will fall.} 0-1